000 00298nam a22001217a 4500
008 180124b xxu||||| |||| 00| 0 eng d
041 _aeng
080 _a94
100 _a16
101 _ahis
245 _anatural resources of british columbia and the yukon
_cbarker.m.l
942 _2udc
_cBK
999 _c40860
_d40860